000 00521nam a2200157 4500
999 _c16290
_d16290
008 211110b ||||| |||| 00| 0 eng d
022 _a0732-8435
082 _aDPer 657.05 C33 Apr - Sept 2016, v86 n4-9
100 _aBarry, Joanne S.
_942861
245 _aA night to remember/
_cJoanne S. Barry.
260 _aNew York:
_bThe New York State Society of CPA,
_c©2016.
300 _av86 n7, page 13:
_billustrations;
_c28 cm.
500 _aThe CPA Journal
650 _aAccountants
_xGathering.
_943644
942 _2ddc
_cPER